• 首页
  • 本馆介绍
  • 公告通知
  • 最新文献
  • 馆藏检索
  • 电子资源
  • 读者导购
  • 参考咨询
  • 我的图书馆
  • 登录
  • 详细信息显示
  • 放入我的书架
  • 预约/预借图书
  • 作者相关作品
  • 分类相关作品
  • 丛书相关作品
  • 出版社相关作品

书目信息

  • 表格格式
  • 工作单格式
  • 卡片格式
题名:
思维风暴
    
 
作者: 白虹 编著
分册:  
出版信息: 北京   北京联合出版公司  2014
页数: 10, 422页
开本: 25cm
丛书名:
单 册:
中图分类: B842.5
科图分类:
主题词: 思维训练--通俗读物
电子资源:
ISBN: 978-7-5502-3691-2
000 00900nam0 2200253 450
001 338878
005 20150603150815.54
010    @a978-7-5502-3691-2@b精装@dCNY75.00
100    @a20141217d2014 em y0chiy50 ea
101 0  @achi
102    @aCN@b110000
105    @aa z 000yy
106    @ar
200 1  @a思维风暴@Asi wei feng bao@e你也可以成为最强大脑@f白虹编著
210    @a北京@c北京联合出版公司@d2014
215    @a10, 422页@c图@d25cm
300    @a彩色悦读馆 超值全彩珍藏版
330    @a本书分为黄金思维、思维导图和思维游戏三篇。第一篇讲解了改变人生的10种黄金思维;第二篇介绍了风靡全球的革命性工具——思维导图;第三篇选取了古今中外的300余个经典思维游戏。
517 1  @a你也可以成为最强大脑@Ani ye ke yi cheng wei zui qiang da nao
606 0  @a思维训练@j通俗读物
690    @aB842.5@v5
701  0 @a白虹@Abai hong@4编著
801  0 @aCN@b卓展宏图@c20150525
905    @dB842.5@e1259@f4
    
    思维风暴:你也可以成为最强大脑/白虹编著.-北京:北京联合出版公司,2014
    10, 422页:图;25cm
    彩色悦读馆 超值全彩珍藏版
    
    ISBN 978-7-5502-3691-2(精装):CNY75.00
    本书分为黄金思维、思维导图和思维游戏三篇。第一篇讲解了改变人生的10种黄金思维;第二篇介绍了风靡全球的革命性工具——思维导图;第三篇选取了古今中外的300余个经典思维游戏。
●
相关链接 在E读中查询图书 在五车中查询图书 在当当中查询图书 在豆瓣中查询图书


正题名:思维风暴     索取号:B842.5/1259         预约/预借

序号 登录号 条形码 馆藏地/架位号 状态 备注
1 860973   208609736   第一样本阅览室/ [索取号:B842.5/1259] 在馆    
2 860974   208609745   教育系资料室/ [索取号:B842.5/1259] 在馆    
3 860975   208609754   第一借阅区/ [索取号:B842.5/1259] 在馆    
4 860976   208609763   第一借阅区/ [索取号:B842.5/1259] 在馆    
唐山师范学院图书馆 欢迎您!
大连网信软件有限公司© 版权所有